[Event "EU-Cup 28th"]
[Site "Eilat"]
[Date "2012.10.11"]
[Round "1.2"]
[White "Kosashvili, Yona"]
[Black "Shirov, Alexei"]
[Result "0-1"]
[WhiteElo "2529"]
[BlackElo "2718"]
[PlyCount "78"]
[EventDate "2012.10.11"]
[EventType "team-swiss"]
[EventRounds "7"]
[EventCountry "ISR"]
[SourceTitle "CBM 151"]
[Source "ChessBase"]
[SourceDate "2012.11.13"]
[SourceVersion "1"]
[SourceVersionDate "2012.11.13"]
[SourceQuality "1"]
[WhiteTeam "Rishon Le Zion"]
[BlackTeam "Ugra"]
[WhiteTeamCountry "ISR"]
[BlackTeamCountry "RUS"]

1. e4 c5 2. Nf3 d6 3. Bc4 Nf6 4. d3 Nc6 5. c3 g6 6. 0-0 Bg7 7. Bb3 0-0 8. Re1 Bg4 9. Nbd2 Qc8 10. h3 Bh5 11. Qe2 b5 12. Qe3 Bxf3 13. Nxf3 a5 14. a4 b4 15. Bd2 Rb8 16. Bc4 Nd7 17. Bb5 Na7 18. Bxd7 Qxd7 19. d4 cxd4 20. cxd4 Nc6 21. b3 Qa7 22. e5 dxe5 23. dxe5 Qxe3 24. Rxe3 Rfd8 25. Rc1 Nd4 26. Nxd4 Rxd4 27. Rc2 Rbd8 28. Be1 Bh6 29. Ree2 Rd3 30. Rc5 Rxb3 31. Rxa5 Rb1 32. f3 b3 33. Rb5 Rc8 34. g3 Bc1 35. Kf2 Rc2 36. Kf1 Bd2 37. a5 Bxe1 38. Rxe1 Rxe1+ 39. Kxe1 b2 0-1

[Event "ISR-chT"]
[Site "Israel"]
[Date "2003.05.02"]
[Round "9"]
[White "Kosashvili, Yona"]
[Black "Lev, Ronen"]
[Result "1-0"]
[WhiteElo "2543"]
[BlackElo "2449"]
[PlyCount "77"]
[EventDate "2003.01.??"]
[EventType "team"]
[EventRounds "11"]
[EventCountry "ISR"]
[SourceTitle "EXT 2004"]
[Source "ChessBase"]
[SourceDate "2003.11.25"]
[SourceVersion "1"]
[SourceVersionDate "2003.11.25"]
[SourceQuality "1"]

1. e4 e5 2. Nf3 Nc6 3. Bb5 a6 4. Ba4 Nf6 5. 0-0 Be7 6. Re1 b5 7. Bb3 d6 8. c3 0-0 9. d3 h6 10. Nbd2 Re8 11. Nf1 Bf8 12. Ng3 Na5 13. Bc2 c5 14. d4 exd4 15. cxd4 Bg4 16. d5 Nc4 17. h3 Bxf3 18. gxf3 g6 19. b3 Nb6 20. f4 Bg7 21. Be3 Ra7 22. Qf3 Rae7 23. Rad1 Qc8 24. Kh2 h5 25. Rg1 Kh8 26. Bc1 Nbd7 27. Bb2 Rg8 28. e5 dxe5 29. Nf5 gxf5 30. Rg5 Bh6 31. Rxf5 Bxf4+ 32. Rxf4 exf4 33. Qxf4 Kg7 34. Bf5 Qd8 35. Bxd7 Rxd7 36. Rg1+ Kh7 37. Bxf6 Qb8 38. Be5 Qe8 39. Qf5+ 1-0

[Event "ISR-chT"]
[Site "Israel"]
[Date "2003.03.08"]
[Round "5"]
[White "Klenburg, Mikhail"]
[Black "Kosashvili, Yona"]
[Result "1/2-1/2"]
[WhiteElo "2349"]
[BlackElo "2543"]
[PlyCount "84"]
[EventDate "2003.01.??"]
[EventType "team"]
[EventRounds "11"]
[EventCountry "ISR"]
[SourceTitle "EXT 2004"]
[Source "ChessBase"]
[SourceDate "2003.11.25"]
[SourceVersion "1"]
[SourceVersionDate "2003.11.25"]
[SourceQuality "1"]

1. e4 e5 2. Nf3 Nc6 3. Bb5 a6 4. Ba4 Nf6 5. 0-0 Be7 6. Re1 b5 7. Bb3 d6 8. c3 0-0 9. h3 Na5 10. Bc2 c5 11. d4 Nd7 12. Nbd2 exd4 13. cxd4 Nc6 14. d5 Nb4 15. Bb1 a5 16. a3 Na6 17. a4 bxa4 18. Rxa4 Nb4 19. Nc4 Ba6 20. Ne3 g6 21. Bd2 Bf6 22. Bc3 h5 23. Qd2 Re8 24. Bxf6 Nxf6 25. Nd1 Nd7 26. Qh6 Nd3 27. Re3 c4 28. Bxd3 cxd3 29. Ng5 Nf6 30. Rf3 Ra7 31. Rxa5 Rxe4 32. Nxe4 Nxe4 33. Ra4 Qe8 34. Ra1 Qe5 35. Qe3 Ra8 36. Qb6 Nc5 37. Re3 Qxd5 38. Nc3 Qd4 39. Re4 Qf6 40. Qc6 Ra7 41. Re3 Kg7 42. Qf3 Qxf3 1/2-1/2

[Event "Curacao 40th anniv op"]
[Site "Curacao"]
[Date "2002.11.28"]
[Round "9"]
[White "Kosashvili, Yona"]
[Black "Sequera Paolini, Jose Rafael"]
[Result "1-0"]
[WhiteElo "2543"]
[BlackElo "2378"]
[PlyCount "79"]
[EventDate "2002.11.02"]
[EventType "swiss"]
[EventRounds "9"]
[EventCountry "AHO"]
[SourceTitle "CBM 091 Extra"]
[Source "ChessBase"]
[SourceDate "2003.01.09"]
[SourceVersion "1"]
[SourceVersionDate "2003.01.09"]
[SourceQuality "1"]

1. c4 e6 2. Nf3 f5 3. d4 Nf6 4. Nc3 Be7 5. Qc2 0-0 6. Bf4 b6 7. 0-0-0 Bb7 8. d5 exd5 9. cxd5 Na6 10. e3 Nc5 11. Bc4 Bd6 12. Nd4 g6 13. Bxd6 cxd6 14. f3 Rc8 15. Nc6 dxc6 16. dxc6+ Kg7 17. cxb7 Nxb7 18. Rd4 Qe7 19. Qd2 Rfe8 20. Re1 Qe5 21. Ba6 Rc7 22. Bxb7 Rxb7 23. h3 Re6 24. Kb1 Rbe7 25. Rd3 Qg3 26. Ne2 Qxg2 27. Nd4 Qxd2 28. Nxe6+ Rxe6 29. Rxd2 Kh6 30. Rd4 Kh5 31. Kc2 Nd7 32. Kd2 Ne5 33. Rf1 b5 34. b3 Nc6 35. Rd5 a6 36. Rc1 Ne5 37. Ke2 Kh4 38. Kf2 g5 39. Rcd1 g4 40. hxg4 1-0

[Event "Curacao 40th anniv op"]
[Site "Curacao"]
[Date "2002.11.23"]
[Round "5"]
[White "Salman, Joel"]
[Black "Kosashvili, Yona"]
[Result "0-1"]
[WhiteElo "2236"]
[BlackElo "2543"]
[PlyCount "92"]
[EventDate "2002.11.02"]
[EventType "swiss"]
[EventRounds "9"]
[EventCountry "AHO"]
[SourceTitle "CBM 091 Extra"]
[Source "ChessBase"]
[SourceDate "2003.01.09"]
[SourceVersion "1"]
[SourceVersionDate "2003.01.09"]
[SourceQuality "1"]

1. d4 Nf6 2. c4 e6 3. Nc3 Bb4 4. g3 0-0 5. Bg2 d6 6. Nf3 Nc6 7. Bd2 Bxc3 8. Bxc3 Ne4 9. Qc2 Nxc3 10. Qxc3 Re8 11. 0-0 e5 12. dxe5 dxe5 13. Rfd1 Qe7 14. c5 Bg4 15. Rd2 a5 16. Rad1 e4 17. Nd4 Nb4 18. h3 Bd7 19. a3 Nd5 20. Nf5 Bxf5 21. Rxd5 Be6 22. R5d4 f5 23. b4 c6 24. e3 axb4 25. axb4 h5 26. Rd6 h4 27. Qe5 hxg3 28. Qxg3 Ra4 29. R6d4 Bd5 30. Bf1 Qf7 31. Kh2 Ra2 32. R1d2 Ra1 33. Rd1 Rea8 34. Qh4 Qc7+ 35. Qg3 Qe7 36. Bc4 Bxc4 37. Rxa1 Rxa1 38. Rxc4 Rd1 39. Rd4 Rxd4 40. exd4 Qf6 41. Qb8+ Kh7 42. d5 Qd4 43. Kg3 Qc3+ 44. Kh4 cxd5 45. Qxb7 Qd2 46. Qf7 Qf4+ 0-1

[Event "Curacao 40th anniv op"]
[Site "Curacao"]
[Date "2002.11.20"]
[Round "3"]
[White "Gikas, Andreas Basilius"]
[Black "Kosashvili, Yona"]
[Result "0-1"]
[WhiteElo "2254"]
[BlackElo "2543"]
[PlyCount "66"]
[EventDate "2002.11.02"]
[EventType "swiss"]
[EventRounds "9"]
[EventCountry "AHO"]
[SourceTitle "CBM 091 Extra"]
[Source "ChessBase"]
[SourceDate "2003.01.09"]
[SourceVersion "1"]
[SourceVersionDate "2003.01.09"]
[SourceQuality "1"]

1. e4 e5 2. Nf3 Nc6 3. Bc4 Bc5 4. b4 Bxb4 5. c3 Ba5 6. d4 d6 7. Qb3 Nxd4 8. Nxd4 exd4 9. Bxf7+ Kf8 10. Bxg8 Rxg8 11. 0-0 d3 12. Qd5 Bb6 13. e5 Qd7 14. exd6 Qf5 15. Qxf5+ Bxf5 16. dxc7 Rc8 17. Na3 Rxc7 18. Nb5 Rd7 19. Ba3+ Kf7 20. Nd6+ Kg6 21. Rad1 h5 22. Rfe1 Rgd8 23. Nc4 Bc7 24. Bc5 b5 25. Nd2 Ba5 26. Be7 Rc8 27. Bb4 Bxb4 28. cxb4 Rc2 29. Nf3 d2 30. Ne5+ Kh7 31. Rf1 Rd5 32. f4 Rxa2 33. Kf2 Bc2 0-1

[Event "ISR-chT"]
[Site "Israel"]
[Date "2002.04.12"]
[Round "8"]
[White "Huzman, Alexander"]
[Black "Kosashvili, Yona"]
[Result "1-0"]
[WhiteElo "2580"]
[BlackElo "2535"]
[PlyCount "149"]
[EventDate "2002.01.10"]
[EventType "team"]
[EventRounds "11"]
[EventCountry "ISR"]
[SourceTitle "EXT 2003"]
[Source "ChessBase"]
[SourceDate "2002.11.25"]
[SourceVersion "1"]
[SourceVersionDate "2002.11.25"]
[SourceQuality "1"]

1. Nf3 Nf6 2. c4 e6 3. d4 Bb4+ 4. Nbd2 b6 5. a3 Bxd2+ 6. Qxd2 Bb7 7. e3 d6 8. Be2 Nbd7 9. 0-0 Qe7 10. b4 0-0 11. Bb2 c5 12. Rfd1 Rfd8 13. bxc5 bxc5 14. Qa5 Rdc8 15. Rac1 Rc6 16. Nd2 Rb6 17. Ba1 e5 18. dxe5 dxe5 19. f3 Nf8 20. Nf1 Ng6 21. Ng3 Nh4 22. Rd2 Nd7 23. Rcd1 Nf8 24. Rb2 Rxb2 25. Bxb2 f5 26. Qd2 Re8 27. Kf2 Qg5 28. Bc1 Nhg6 29. Qc2 f4 30. Ne4 Qh4+ 31. Kg1 fxe3 32. Bxe3 Bxe4 33. Qxe4 Qxe4 34. fxe4 Ne6 35. Bg4 Nd4 36. Rb1 Nf4 37. Rb7 Rf8 38. g3 h5 39. Bd1 Nd3 40. Bxh5 Nc2 41. Bd2 Rf2 42. Bg6 Nd4 43. Rb8+ Rf8 44. Rxf8+ Kxf8 45. Bh5 Nb2 46. Bc1 Nxc4 47. Bd1 Nd6 48. Kf2 Nxe4+ 49. Ke3 Nd6 50. Kd3 Ke7 51. Bg4 e4+ 52. Kc3 N6b5+ 53. Kc4 Kd6 54. a4 Nc7 55. Bf4+ Kc6 56. Bxc7 Kxc7 57. Kxc5 Nf3 58. h4 a5 59. Kd5 Nd2 60. Be2 Nb3 61. Bb5 e3 62. Ke4 Kd6 63. Kxe3 Ke5 64. Kd3 Nc5+ 65. Kc4 Ne4 66. g4 Nf6 67. g5 Ne4 68. Bc6 Nd6+ 69. Kc5 g6 70. Kb6 Kd4 71. Kxa5 Kc5 72. Bf3 Nf5 73. h5 gxh5 74. Bxh5 Ne7 75. Bf3 1-0

[Event "ISR-chT"]
[Site "Israel"]
[Date "2002.01.19"]
[Round "2"]
[White "Kosashvili, Yona"]
[Black "Gofshtein, Leonid D"]
[Result "0-1"]
[WhiteElo "2535"]
[BlackElo "2498"]
[PlyCount "40"]
[EventDate "2002.01.10"]
[EventType "team"]
[EventRounds "11"]
[EventCountry "ISR"]
[SourceTitle "CBM 088"]
[Source "ChessBase"]
[SourceDate "2002.03.21"]
[SourceVersion "1"]
[SourceVersionDate "2002.03.21"]
[SourceQuality "1"]

1. e4 c5 2. Nf3 e6 3. d4 cxd4 4. Nxd4 a6 5. Nc3 b5 6. Bd3 Qb6 7. Nb3 Qc7 8. 0-0 Nf6 9. f4 Bb7 10. e5 b4 11. Nb1 Nd5 12. Qe2 Nc6 13. c4 bxc3 14. bxc3 d6 15. c4 Ndb4 16. exd6 Qxd6 17. Rd1 Nd4 18. Qf1 Nxb3 19. axb3 Qd4+ 20. Qf2 Bc5 0-1

[Event "ISR-chT"]
[Site "Israel"]
[Date "2001.05.04"]
[Round "9"]
[White "Kosashvili, Yona"]
[Black "Tsesarsky, Ilya"]
[Result "1-0"]
[WhiteElo "2539"]
[BlackElo "2450"]
[PlyCount "69"]
[EventDate "2001.02.??"]
[EventType "team"]
[EventRounds "11"]
[EventCountry "ISR"]
[SourceTitle "CBM 082"]
[Source "ChessBase"]
[SourceDate "2001.05.17"]
[SourceVersion "1"]
[SourceVersionDate "2001.05.17"]
[SourceQuality "1"]

1. e4 c5 2. Nf3 Nc6 3. Nc3 e6 4. d4 cxd4 5. Nxd4 Qc7 6. g3 a6 7. Bg2 Nge7 8. Nde2 Ng6 9. a4 Bc5 10. 0-0 0-0 11. b3 Rb8 12. Bb2 b5 13. axb5 axb5 14. Qd2 b4 15. Na4 Be7 16. Nc1 e5 17. c4 bxc3 18. Nxc3 Bc5 19. Nd5 Qd6 20. Nd3 Bd4 21. Ba3 Qe6 22. Bxf8 Bxa1 23. Nc5 Qg4 24. Bxg7 Kxg7 25. Ne3 Bc3 26. Qxc3 Nd4 27. Kh1 Qh5 28. g4 Qg5 29. Nf5+ Kg8 30. f4 Nxf4 31. h4 Qf6 32. g5 Nde2 33. Qa1 Qh8 34. Qa7 Rb5 35. Qc7 1-0

[Event "NED-chT 0001"]
[Site "Netherlands"]
[Date "2001.03.24"]
[Round "7.4"]
[White "Thesing, Matthias"]
[Black "Kosashvili, Yona"]
[Result "0-1"]
[WhiteElo "2436"]
[BlackElo "2539"]
[PlyCount "92"]
[EventDate "2000.11.18"]
[EventType "team-tourn"]
[EventRounds "9"]
[EventCountry "NED"]
[SourceTitle "EXT 2002"]
[Source "ChessBase"]
[SourceDate "2001.11.25"]
[SourceVersion "1"]
[SourceVersionDate "2001.11.25"]
[SourceQuality "1"]
[WhiteTeam "ING/ESGOO Enschede"]
[BlackTeam "Hilversum HSG"]
[WhiteTeamCountry "NED"]
[BlackTeamCountry "NED"]

1. e4 e5 2. Nf3 Nc6 3. Nc3 Nf6 4. d4 exd4 5. Nxd4 Bb4 6. Nxc6 bxc6 7. Bd3 d5 8. exd5 cxd5 9. Qe2+ Be7 10. Bg5 0-0 11. 0-0-0 Be6 12. Rhe1 h6 13. Bh4 c6 14. Bf5 Ne4 15. Bxe7 Nxc3 16. Bxd8 Nxe2+ 17. Rxe2 Raxd8 18. Bxe6 fxe6 19. f3 Kf7 20. c4 Ke7 21. Rd4 Rd7 22. cxd5 cxd5 23. Ra4 Rc8+ 24. Rc2 Rxc2+ 25. Kxc2 g5 26. Rb4 Kf6 27. Kd2 Rc7 28. Rb8 Rc4 29. b3 Rd4+ 30. Ke2 g4 31. Ra8 gxf3+ 32. Kxf3 Rd3+ 33. Ke2 Rc3 34. Rxa7 e5 35. Ra6+ Kf5 36. Kd2 d4 37. Ra8 e4 38. Rf8+ Kg6 39. Rd8 e3+ 40. Ke2 Rc2+ 41. Ke1 Rd2 42. g4 Kg5 43. h3 Kf4 44. b4 Ke4 45. Re8+ Kd3 46. Kf1 Rd1+ 0-1

[Event "NED-chT 0001"]
[Site "Netherlands"]
[Date "2001.03.03"]
[Round "5.6"]
[White "Van der Wiel, John"]
[Black "Kosashvili, Yona"]
[Result "1-0"]
[WhiteElo "2493"]
[BlackElo "2539"]
[PlyCount "93"]
[EventDate "2000.11.18"]
[EventType "team-tourn"]
[EventRounds "9"]
[EventCountry "NED"]
[SourceTitle "EXT 2002"]
[Source "ChessBase"]
[SourceDate "2001.11.25"]
[SourceVersion "1"]
[SourceVersionDate "2001.11.25"]
[SourceQuality "1"]
[WhiteTeam "Ordina Breda"]
[BlackTeam "Hilversum HSG"]
[WhiteTeamCountry "NED"]
[BlackTeamCountry "NED"]

1. e4 e5 2. Nf3 Nc6 3. Bb5 a6 4. Bxc6 dxc6 5. 0-0 f6 6. d4 exd4 7. Nxd4 c5 8. Ne2 Qxd1 9. Rxd1 Bd7 10. Nbc3 0-0-0 11. Be3 Re8 12. Rd2 Bc6 13. Rad1 b6 14. f3 Ne7 15. Nf4 Ng6 16. Ncd5 Ne5 17. b3 a5 18. Nh5 a4 19. Kf2 Kb7 20. g4 Ra8 21. Ndf4 axb3 22. axb3 c4 23. Ne6 Bb4 24. Rd8 Rhxd8 25. Nxd8+ Kc8 26. Nxc6 Nxc6 27. bxc4 Ra2 28. Nxg7 Rxc2+ 29. Kg3 Rxc4 30. h4 Bc3 31. Rd5 Ne5 32. Ne6 Be1+ 33. Bf2 Bxf2+ 34. Kxf2 Rc2+ 35. Kg3 Rc3 36. g5 Nxf3 37. Rd8+ Kb7 38. gxf6 Ng5+ 39. Kg4 Nxe6 40. Re8 Nc5 41. f7 Nd7 42. e5 Rc4+ 43. Kg5 Rc5 44. Kh6 Rc6+ 45. e6 b5 46. Kg7 Nc5 47. e7 1-0

[Event "NED-chT 9900 playoff"]
[Site "Breda"]
[Date "2000.06.02"]
[Round "2.9"]
[White "Van den Doel, Erik"]
[Black "Kosashvili, Yona"]
[Result "1/2-1/2"]
[WhiteElo "2522"]
[BlackElo "2548"]
[PlyCount "61"]
[EventDate "2000.06.01"]
[EventType "team-k.o."]
[EventRounds "2"]
[EventCountry "NED"]
[SourceTitle "CBM 076 Extra"]
[Source "ChessBase"]
[SourceDate "2000.07.11"]
[SourceVersion "1"]
[SourceVersionDate "2000.07.11"]
[SourceQuality "1"]
[WhiteTeam "Breda Panfox"]
[BlackTeam "Hilversum HSG"]
[WhiteTeamCountry "NED"]
[BlackTeamCountry "NED"]

1. e4 e5 2. Nf3 Nc6 3. Bb5 a6 4. Ba4 Nf6 5. 0-0 Be7 6. Re1 b5 7. Bb3 d6 8. c3 0-0 9. h3 Na5 10. Bc2 c5 11. d4 Bb7 12. Nbd2 cxd4 13. cxd4 exd4 14. Nxd4 Re8 15. Nf1 Bf8 16. Ng3 g6 17. b3 d5 18. e5 Ne4 19. Nxe4 dxe4 20. Bxe4 Bb4 21. Bxb7 Bxe1 22. Bxa8 Bc3 23. Rb1 Qxa8 24. Be3 Nc6 25. Nxc6 Qxc6 26. Rc1 b4 27. Qd6 Qb5 28. Bd4 Bxd4 29. Qxd4 Qxe5 30. Qxb4 Qb2 31. Re1 1/2-1/2

[Event "ISR-chT"]
[Site "Ramat Aviv"]
[Date "2000.04.28"]
[Round "9.3"]
[White "Kosashvili, Yona"]
[Black "Weisbuch, Udi"]
[Result "1-0"]
[WhiteElo "2548"]
[BlackElo "2288"]
[PlyCount "99"]
[EventDate "2000.01.14"]
[EventType "team"]
[EventRounds "11"]
[EventCountry "ISR"]
[SourceTitle "CBM 077"]
[Source "ChessBase"]
[SourceDate "2000.07.27"]
[SourceVersion "1"]
[SourceVersionDate "2000.07.27"]
[SourceQuality "1"]
[WhiteTeam "Rishon Le Zion Kasparov"]
[BlackTeam "Kfar Saba"]
[WhiteTeamCountry "ISR"]
[BlackTeamCountry "ISR"]

1. d4 Nf6 2. Nf3 g6 3. b3 Bg7 4. Bb2 0-0 5. e3 d6 6. Be2 Nbd7 7. c4 e5 8. dxe5 Ng4 9. Nc3 dxe5 10. h3 Ngf6 11. Qc2 Re8 12. Rd1 e4 13. Nd4 c6 14. a3 Qc7 15. b4 h5 16. c5 Nf8 17. Nb3 g5 18. h4 gxh4 19. Rxh4 Ng6 20. Rh1 Bg4 21. Bxg4 hxg4 22. Ne2 Ne5 23. Bxe5 Rxe5 24. Ng3 b6 25. Rd4 Rae8 26. Ke2 b5 27. Rc1 Nd5 28. Rh1 f5 29. Kf1 R5e6 30. Nxf5 Qf7 31. Rxd5 cxd5 32. Nd6 Rxd6 33. cxd6 d4 34. Nxd4 Bxd4 35. exd4 e3 36. d7 e2+ 37. Ke1 Rf8 38. Qxe2 Qxd7 39. Qe5 Qg7 40. Qxg7+ Kxg7 41. Rh4 Kf6 42. Rxg4 Ke6 43. Rg5 a6 44. Ke2 Rh8 45. Ke3 Rh1 46. Rg6+ Kd5 47. Rxa6 Re1+ 48. Kf3 Ra1 49. g4 Kxd4 50. g5 1-0

[Event "ISR-chT"]
[Site "Ramat Aviv"]
[Date "2000.03.17"]
[Round "6.3"]
[White "Kosashvili, Yona"]
[Black "Lurie, Michael"]
[Result "1/2-1/2"]
[WhiteElo "2548"]
[BlackElo "2276"]
[PlyCount "99"]
[EventDate "2000.01.14"]
[EventType "team"]
[EventRounds "11"]
[EventCountry "ISR"]
[SourceTitle "CBM 077"]
[Source "ChessBase"]
[SourceDate "2000.07.27"]
[SourceVersion "1"]
[SourceVersionDate "2000.07.27"]
[SourceQuality "1"]
[WhiteTeam "Rishon Le Zion Kasparov"]
[BlackTeam "Netanya"]
[WhiteTeamCountry "ISR"]
[BlackTeamCountry "ISR"]

1. e4 e5 2. Nf3 Nf6 3. Nxe5 d6 4. Nf3 Nxe4 5. d3 Nf6 6. d4 Be7 7. Bd3 0-0 8. h3 Nbd7 9. 0-0 Re8 10. c4 c6 11. Nc3 Nf8 12. Bf4 a6 13. Re1 b5 14. Qd2 Ne6 15. Bh2 bxc4 16. Bxc4 Nc7 17. Rac1 Ncd5 18. Bb3 Bf8 19. Qd3 Rxe1+ 20. Rxe1 g6 21. Bg3 Bf5 22. Qc4 Qc8 23. Ng5 Ra7 24. Nge4 Nxe4 25. Nxe4 Rd7 26. Qa4 Kg7 27. Bh4 Be7 28. Bg3 Qb7 29. Nd2 Bf6 30. Qa3 Qb4 31. Qxb4 Nxb4 32. Nc4 Bxd4 33. Rd1 c5 34. Nxd6 Bc2 35. Bxc2 Nxc2 36. Rd2 Nb4 37. a3 Nc6 38. Nc4 Rb7 39. Rd3 f6 40. b3 Ne5 41. Bxe5 fxe5 42. Nd2 Kf7 43. Rf3+ Ke7 44. Kf1 Ke6 45. Ke2 Rb8 46. Kd3 Kd5 47. Rf7 e4+ 48. Kc2 Re8 49. Nc4 Re6 50. Kd2 1/2-1/2

[Event "ISR-chT"]
[Site "Ramat Aviv"]
[Date "2000.01.21"]
[Round "2.2"]
[White "Gofshtein, Leonid D"]
[Black "Kosashvili, Yona"]
[Result "1/2-1/2"]
[WhiteElo "2580"]
[BlackElo "2548"]
[PlyCount "109"]
[EventDate "2000.01.14"]
[EventType "team"]
[EventRounds "11"]
[EventCountry "ISR"]
[SourceTitle "CBM 074 Extra"]
[Source "ChessBase"]
[SourceDate "2000.03.10"]
[SourceVersion "2"]
[SourceVersionDate "2000.03.10"]
[SourceQuality "1"]
[WhiteTeam "Tel Aviv Ironi"]
[BlackTeam "Rishon Le Zion Kasparov"]
[WhiteTeamCountry "ISR"]
[BlackTeamCountry "ISR"]

1. d4 Nf6 2. c4 e6 3. Nf3 Bb4+ 4. Bd2 c5 5. Bxb4 cxb4 6. g3 a5 7. a3 Na6 8. Bg2 d6 9. Nbd2 0-0 10. Nf1 Bd7 11. Ne3 b5 12. Nd2 Rb8 13. cxb5 Bxb5 14. a4 Bd7 15. Nec4 d5 16. Ne5 Qb6 17. Nb3 Rfc8 18. Qd3 Be8 19. 0-0 Rc7 20. Nd2 Rbc8 21. e4 dxe4 22. Nxe4 Nxe4 23. Qxe4 b3 24. Qe3 Nb4 25. Qxb3 Qxd4 26. Nf3 Qd3 27. Qd1 Rc2 28. b3 Rb2 29. Rb1 Rxb1 30. Qxd3 Nxd3 31. Rxb1 Rc2 32. Nd4 Rd2 33. Nf3 Ra2 34. Rd1 Nxf2 35. Rd2 Rxd2 36. Nxd2 Nd3 37. Nc4 Kf8 38. Nxa5 Ke7 39. Be4 Nc5 40. Bc2 Kd6 41. Kf2 Kd5 42. Ke2 Kd4 43. Nc4 Bxa4 44. bxa4 Kxc4 45. Bxh7 Kb4 46. Bg8 f6 47. Kf3 Kxa4 48. Kg4 Kb4 49. Bxe6 Nxe6 50. Kf5 Nf8 51. h4 Kc5 52. h5 Kd5 53. h6 gxh6 54. Kxf6 Ke4 55. Kg7 1/2-1/2

[Event "ISR-chT"]
[Site "Israel"]
[Date "1999.03.26"]
[Round "5"]
[White "Kosashvili, Yona"]
[Black "Greenfeld, Alon"]
[Result "0-1"]
[WhiteElo "2565"]
[BlackElo "2521"]
[PlyCount "74"]
[EventDate "1999.01.??"]
[EventType "team"]
[EventRounds "11"]
[EventCountry "ISR"]
[SourceTitle "EXT 2000"]
[Source "ChessBase"]
[SourceDate "1999.11.16"]
[SourceVersion "1"]
[SourceVersionDate "1999.11.16"]
[SourceQuality "1"]

1. e4 c5 2. Nf3 Nc6 3. d4 cxd4 4. Nxd4 Nf6 5. Nc3 d6 6. Be2 e5 7. Nb3 Be7 8. 0-0 0-0 9. Bf3 a5 10. a4 Nb4 11. Bg5 Be6 12. Bxf6 Bxf6 13. Nd2 Rc8 14. Ndb1 d5 15. exd5 Bf5 16. Na3 e4 17. Bg4 Bxg4 18. Qxg4 Bxc3 19. bxc3 f5 20. Qg3 Nxd5 21. Nb5 Qf6 22. c4 Rxc4 23. Qb3 Rc5 24. Rad1 Qe6 25. Rfe1 Kh8 26. Nd4 Qf6 27. Qxb7 Nc3 28. Rd2 f4 29. Qa7 Rg5 30. Nb5 e3 31. Rd3 Ne2+ 32. Kf1 Rxg2 33. Rxe2 Qa1+ 34. Kxg2 f3+ 35. Kh3 Qf1+ 36. Kh4 fxe2 37. Qf7 Qxf2+ 0-1

[Event "Olympiad-33"]
[Site "Elista"]
[Date "1998.10.06"]
[Round "8.3"]
[White "Nisipeanu, Liviu Dieter"]
[Black "Kosashvili, Yona"]
[Result "1-0"]
[WhiteElo "2575"]
[BlackElo "2580"]
[PlyCount "131"]
[EventDate "1998.09.29"]
[EventType "team-swiss"]
[EventRounds "13"]
[EventCountry "RUS"]
[SourceTitle "CBM 068"]
[Source "ChessBase"]
[SourceDate "1999.02.01"]
[SourceVersion "1"]
[SourceVersionDate "1999.02.01"]
[SourceQuality "1"]
[WhiteTeam "Romania"]
[BlackTeam "Israel"]
[WhiteTeamCountry "ROU"]
[BlackTeamCountry "ISR"]

1. e4 e5 2. Nf3 Nc6 3. Bb5 Nf6 4. 0-0 Nxe4 5. d4 Nd6 6. Bxc6 dxc6 7. dxe5 Nf5 8. Qxd8+ Kxd8 9. Nc3 Ke8 10. h3 a5 11. Re1 Ne7 12. Ne4 Ng6 13. Nd4 a4 14. Bd2 h6 15. Rad1 Bd7 16. c4 Rd8 17. Ba5 b6 18. Bc3 Nf4 19. Nf6+ gxf6 20. exf6+ Be6 21. Nxe6 Rxd1 22. Nxc7+ Kd7 23. Rxd1+ Kc8 24. Be5 Ng6 25. Bg3 a3 26. b3 Bb4 27. Na6 Bc3 28. Nb8 c5 29. Nc6 Bd4 30. Kf1 Kb7 31. Nxd4 Rd8 32. b4 cxd4 33. Rd3 Nf8 34. Be5 Ne6 35. f4 Re8 36. g3 b5 37. cxb5 Kb6 38. f5 Ng5 39. Bxd4+ Kxb5 40. Rxa3 Kxb4 41. Re3 Ne4 42. Kg2 h5 43. Bb2 Kc4 44. a4 Kb4 45. Ba3+ Kc4 46. Kf3 Ng5+ 47. Ke2 Ne4 48. Be7 Kd4 49. a5 Rg8 50. Rd3+ Ke5 51. a6 Nxg3+ 52. Kd1 Ne4 53. Ra3 Kxf5 54. a7 Ra8 55. Ke2 Nxf6 56. Rf3+ Ke6 57. Bxf6 Rxa7 58. Bg5 Ra2+ 59. Ke3 Rg2 60. Rf6+ Ke7 61. h4 Kf8 62. Rh6 Kg7 63. Rxh5 f6 64. Bf4 Kg6 65. Ra5 Rb2 66. h5+ 1-0

[Event "Olympiad-33"]
[Site "Elista"]
[Date "1998.10.02"]
[Round "4.3"]
[White "Lkhagvasuren, Tsedendemberel"]
[Black "Kosashvili, Yona"]
[Result "0-1"]
[WhiteElo "2355"]
[BlackElo "2580"]
[PlyCount "121"]
[EventDate "1998.09.29"]
[EventType "team-swiss"]
[EventRounds "13"]
[EventCountry "RUS"]
[SourceTitle "CBM 068"]
[Source "ChessBase"]
[SourceDate "1999.02.01"]
[SourceVersion "1"]
[SourceVersionDate "1999.02.01"]
[SourceQuality "1"]
[WhiteTeam "Mongolia"]
[BlackTeam "Israel"]
[WhiteTeamCountry "MGL"]
[BlackTeamCountry "ISR"]

1. e4 e5 2. Nf3 Nc6 3. Bb5 Nf6 4. 0-0 Nxe4 5. d4 Nd6 6. Bxc6 dxc6 7. dxe5 Nf5 8. Qxd8+ Kxd8 9. Nbd2 a5 10. a4 h6 11. b3 Be6 12. Bb2 c5 13. c4 Ne7 14. Rad1 Ng6 15. g3 Kc8 16. Kg2 Be7 17. Ne4 Ra6 18. Ba3 Rc6 19. h3 b6 20. Rfe1 Bd7 21. Nc3 Re6 22. Nd5 Bd8 23. Bb2 Rhe8 24. Bc3 c6 25. Ne3 R6e7 26. Rd2 Bc7 27. Red1 h5 28. g4 f6 29. exf6 Nf4+ 30. Kh1 gxf6 31. Bxf6 Rf7 32. Ng5 Rxf6 33. Rxd7 Rg6 34. h4 hxg4 35. Nf5 Rf6 36. Rf7 Nh3 37. Rxf6 Nxf2+ 38. Kg2 Nxd1 39. Rxc6 Re2+ 40. Kg1 Re1+ 41. Kg2 Re2+ 42. Kg1 Kd7 43. Rf6 g3 44. Rf7+ Kc8 45. h5 Nc3 46. h6 Rh2 47. Nxg3 Bxg3 48. h7 Ne2+ 49. Kf1 Bf4 50. Ne4 Be5 51. Re7 Nd4 52. Re8+ Kc7 53. Rxe5 Rxh7 54. Nc3 Nxb3 55. Nd5+ Kd6 56. Re2 Rh1+ 57. Kg2 Rb1 58. Nc3 Rc1 59. Nd5 Rxc4 60. Nxb6 Rb4 61. Nc8+ 0-1

[Event "Olympiad-33"]
[Site "Elista"]
[Date "1998.09.30"]
[Round "2.3"]
[White "Kosashvili, Yona"]
[Black "Pavasovic, Dusko"]
[Result "1/2-1/2"]
[WhiteElo "2580"]
[BlackElo "2475"]
[PlyCount "78"]
[EventDate "1998.09.29"]
[EventType "team-swiss"]
[EventRounds "13"]
[EventCountry "RUS"]
[SourceTitle "CBM 068"]
[Source "ChessBase"]
[SourceDate "1999.02.01"]
[SourceVersion "1"]
[SourceVersionDate "1999.02.01"]
[SourceQuality "1"]
[WhiteTeam "Israel"]
[BlackTeam "Slovenia"]
[WhiteTeamCountry "ISR"]
[BlackTeamCountry "SLO"]

1. e4 c5 2. Nf3 e6 3. d4 cxd4 4. Nxd4 a6 5. Bd3 Qb6 6. Nb3 Qc7 7. 0-0 Nf6 8. c4 d6 9. a4 b6 10. a5 Nc6 11. axb6 Qxb6 12. Nc3 Rb8 13. Ra3 Be7 14. Bf4 Nd7 15. Be3 Qc7 16. f4 Nb4 17. Be2 0-0 18. Qd2 Bb7 19. Rc1 Nc5 20. Nxc5 dxc5 21. Bf1 Nc6 22. Qf2 Rbd8 23. Raa1 Nd4 24. Rd1 f5 25. e5 Rd7 26. Rd2 Rfd8 27. Rad1 Bc6 28. Kh1 Qb7 29. Ne2 Nxe2 30. Qxe2 Qb4 31. Rxd7 Rxd7 32. Rxd7 Bxd7 33. Qd2 Qxd2 34. Bxd2 Bc6 35. Kg1 Kf7 36. g3 h6 37. Bg2 Bxg2 38. Kxg2 Ke8 39. h3 h5 1/2-1/2